5HLuxD.jpg

KING HENRY VIII SENIOR AND PRIMARY SCHOOL LIBRARY OPAC

The ballad of songbirds and snakes / (Record no. 3767)

000 -LEADER
fixed length control field 01978cam a2200385 a 4500
001 - CONTROL NUMBER
control field 005496318
003 - CONTROL NUMBER IDENTIFIER
control field OSt
005 - DATE AND TIME OF LATEST TRANSACTION
control field 20241023090600.0
008 - FIXED-LENGTH DATA ELEMENTS--GENERAL INFORMATION
fixed length control field 230530s2020 si d 000 1 eng d
020 ## - INTERNATIONAL STANDARD BOOK NUMBER
International Standard Book Number 9780702309519
040 ## - CATALOGING SOURCE
Original cataloging agency NPUST
Language of cataloging eng
Transcribing agency NPUST
Description conventions AACR2
Modifying agency KH8
041 0# - LANGUAGE CODE
Language code of text/sound track or separate title eng
042 ## - AUTHENTICATION CODE
Authentication code nbic
044 ## - COUNTRY OF PUBLISHING/PRODUCING ENTITY CODE
MARC country code si
082 ## - DEWEY DECIMAL CLASSIFICATION NUMBER
Classification number FIC COL
100 1# - MAIN ENTRY--PERSONAL NAME
Personal name Collins, Suzanne,
Relator term author.
245 14 - TITLE STATEMENT
Title The ballad of songbirds and snakes /
Statement of responsibility, etc. Suzanne Collins.
260 ## - PUBLICATION, DISTRIBUTION, ETC.
Place of publication, distribution, etc. London :
Name of publisher, distributor, etc. Scholastic ,
Date of publication, distribution, etc. 2021.
300 ## - PHYSICAL DESCRIPTION
Extent 517 p. ;
Dimensions 21 cm.
336 ## - CONTENT TYPE
Content type term text
Content type code txt
Source rdacontent.
337 ## - MEDIA TYPE
Media type term unmediated
Media type code n
Source rdamedia.
338 ## - CARRIER TYPE
Carrier type term volume
Carrier type code nc
Source rdacarrier.
490 1# - SERIES STATEMENT
Series statement [The Hunger Games]
520 ## - SUMMARY, ETC.
Summary, etc. It is the morning of the reaping that will kick off the tenth annual Hunger Games. In the Capitol, eighteen-year- old Coriolanus Snow is preparing for his one shot at glory as a mentor in the Games. The once-mighty house of Snow has fallen on hard times, its fate hanging on the slender chance that Coriolanus will be able to outcharm, outwit, and outmaneuver his fellow students to mentor the winning tribute. The odds are against him. He's been given the humiliating assignment of mentoring the female tribute from District 12, the lowest of the low. Their fates are now completely intertwined, every choice Coriolanus makes could lead to favor or failure, triumph or ruin. Inside the arena, it will be a fight to the death. Outside the arena, Coriolanus starts to feel for his doomed tribute, and must weigh his need to follow the rules against his desire to survive no matter what it takes.
650 #0 - SUBJECT ADDED ENTRY--TOPICAL TERM
Topical term or geographic name entry element Survival
Form subdivision Juvenile fiction.
650 #0 - SUBJECT ADDED ENTRY--TOPICAL TERM
Topical term or geographic name entry element Contests
Form subdivision Juvenile fiction.
650 #0 - SUBJECT ADDED ENTRY--TOPICAL TERM
Topical term or geographic name entry element Television programs
Form subdivision Juvenile fiction.
650 #0 - SUBJECT ADDED ENTRY--TOPICAL TERM
Topical term or geographic name entry element Teenagers
Form subdivision Juvenile fiction.
650 #0 - SUBJECT ADDED ENTRY--TOPICAL TERM
Topical term or geographic name entry element Science fiction.
650 #0 - SUBJECT ADDED ENTRY--TOPICAL TERM
Topical term or geographic name entry element Dystopian fiction.
655 #0 - INDEX TERM--GENRE/FORM
Genre/form data or focus term Young adult fiction.
655 #1 - INDEX TERM--GENRE/FORM
Genre/form data or focus term Science fiction.
830 #0 - SERIES ADDED ENTRY--UNIFORM TITLE
Uniform title [The Hunger Games]
942 ## - ADDED ENTRY ELEMENTS (KOHA)
Source of classification or shelving scheme
Koha item type Books - Fiction
Holdings
Withdrawn status Lost status Source of classification or shelving scheme Damaged status Not for loan Collection code Permanent Location Current Location Shelving location Date acquired Total Checkouts Full call number Barcode Date due Date last seen Date last checked out Price effective from Koha item type
          Fiction KH8 Senior School Library KH8 Senior School Library Fiction 2024-10-23 1 FIC COL 3KHSL000102112 2025-11-23 2025-11-06 2025-11-06 2024-10-23 Books - Fiction

Powered By KH8 IT Dept